[Event "CZE-chT2F 2223"]
[Site "Czech Republic"]
[Date "2023.03.26"]
[Round "11"]
[White "Jarolim, Jan"]
[Black "Valek, Milan"]
[Result "1-0"]
[WhiteElo "1953"]
[BlackElo "1937"]
[PlyCount "93"]
[EventDate "2022.10.16"]
[EventType "team-tourn"]
[EventRounds "11"]
[EventCountry "CZE"]
[SourceTitle "EXT 2024"]
[Source "ChessBase"]
[SourceDate "2023.10.10"]
[SourceVersion "1"]
[SourceVersionDate "2023.10.10"]
[SourceQuality "1"]
[WhiteTeam "Poruba Slavoj III"]
[BlackTeam "Dobra Sokol"]
[WhiteTeamCountry "CZE"]
[BlackTeamCountry "CZE"]

1. e4 e6 2. d4 d5 3. exd5 exd5 4. c4 Bb4+ 5. Nc3 Ne7 6. Bd3 0-0 7. Nge2 dxc4 8. Bxc4 Nd7 9. 0-0 Nb6 10. Bb3 c6 11. Ng3 Nf5 12. Nce4 Qxd4 13. Nxf5 Qxe4 14. Bc2 Qd5 15. Qg4 Bxf5 16. Bxf5 Be7 17. Rd1 Qe5 18. Qh5 g6 19. Bxg6 Qxh5 20. Bxh5 Bf6 21. Rb1 Rad8 22. Rxd8 Rxd8 23. Bh6 Na4 24. b3 Nc3 25. Re1 Nxa2 26. g4 Nb4 27. g5 Nd3 28. Re4 Bd4 29. Re7 Bxf2+ 30. Kf1 Bd4 31. Bxf7+ Kh8 32. Rxb7 Nf4 33. Re7 Bb6 34. Re8+ Rxe8 35. Bxe8 c5 36. Bf7 Bd8 37. h4 Be7 38. Kf2 Ng6 39. h5 Ne5 40. Be6 a5 41. Ke3 Nc6 42. Ke4 Nd4 43. Bd5 Ne2 44. Ke5 Nc3 45. Bc4 a4 46. g6 hxg6 47. hxg6 1-0

[Event "CZE-chT2F 2223"]
[Site "Czech Republic"]
[Date "2023.03.05"]
[Round "10"]
[White "Kaminsky, Rudolf"]
[Black "Valek, Milan"]
[Result "1/2-1/2"]
[WhiteElo "2003"]
[BlackElo "1935"]
[PlyCount "46"]
[EventDate "2022.10.16"]
[EventType "team-tourn"]
[EventRounds "11"]
[EventCountry "CZE"]
[SourceTitle "EXT 2024"]
[Source "ChessBase"]
[SourceDate "2023.10.10"]
[SourceVersion "1"]
[SourceVersionDate "2023.10.10"]
[SourceQuality "1"]
[WhiteTeam "Havirov Slovan"]
[BlackTeam "Dobra Sokol"]
[WhiteTeamCountry "CZE"]
[BlackTeamCountry "CZE"]

1. c4 Nf6 2. Nf3 g6 3. b3 Bg7 4. Bb2 0-0 5. e3 c5 6. Be2 d6 7. 0-0 Bf5 8. d3 Nc6 9. Nc3 a6 10. Qd2 Ne8 11. Rfd1 Nc7 12. Nd5 b5 13. Bxg7 Kxg7 14. Nxc7 Qxc7 15. cxb5 axb5 16. d4 b4 17. h3 Ra5 18. dxc5 dxc5 19. Qb2+ Kg8 20. a4 bxa3 21. Rxa3 Rfa8 22. Rxa5 Qxa5 23. Bc4 Rd8 1/2-1/2

[Event "CZE-chT2F 2223"]
[Site "Czech Republic"]
[Date "2023.02.05"]
[Round "8"]
[White "Valek, Milan"]
[Black "Didi, Jan"]
[Result "1/2-1/2"]
[WhiteElo "1935"]
[BlackElo "2018"]
[PlyCount "40"]
[EventDate "2022.10.16"]
[EventType "team-tourn"]
[EventRounds "11"]
[EventCountry "CZE"]
[SourceTitle "EXT 2024"]
[Source "ChessBase"]
[SourceDate "2023.10.10"]
[SourceVersion "1"]
[SourceVersionDate "2023.10.10"]
[SourceQuality "1"]
[WhiteTeam "Dobra Sokol"]
[BlackTeam "Ostrava II"]
[WhiteTeamCountry "CZE"]
[BlackTeamCountry "CZE"]

1. d4 d5 2. c4 e6 3. Nf3 Be7 4. Nc3 Nf6 5. Bg5 0-0 6. e3 b6 7. cxd5 exd5 8. Bd3 Bb7 9. 0-0 Nbd7 10. Rc1 c5 11. Qe2 a6 12. Rfd1 c4 13. Bf5 b5 14. Ne5 Nb6 15. a3 Ne4 16. Nxe4 dxe4 17. Qh5 g6 18. Nxg6 fxg6 19. Bxg6 hxg6 20. Qxg6+ Kh8 1/2-1/2

[Event "CZE-chT2F 2223"]
[Site "Czech Republic"]
[Date "2023.01.08"]
[Round "6"]
[White "Sebesta, Jan2222"]
[Black "Valek, Milan"]
[Result "1-0"]
[WhiteElo "1826"]
[BlackElo "1946"]
[PlyCount "77"]
[EventDate "2022.10.16"]
[EventType "team-tourn"]
[EventRounds "11"]
[EventCountry "CZE"]
[SourceTitle "EXT 2024"]
[Source "ChessBase"]
[SourceDate "2023.10.10"]
[SourceVersion "1"]
[SourceVersionDate "2023.10.10"]
[SourceQuality "1"]
[WhiteTeam "Orlova Slavia II"]
[BlackTeam "Dobra Sokol"]
[WhiteTeamCountry "CZE"]
[BlackTeamCountry "CZE"]

1. e4 e6 2. d4 d5 3. Nc3 Bb4 4. e5 c5 5. a3 Bxc3+ 6. bxc3 Ne7 7. Nf3 Qc7 8. Bd3 b6 9. 0-0 Ba6 10. Bxa6 Nxa6 11. Bd2 0-0 12. Qe2 Nb8 13. Rfc1 Nd7 14. Nh4 Nc6 15. Qg4 Kh8 16. Nf3 Rfe8 17. h4 f6 18. Bf4 fxe5 19. dxe5 Nf8 20. h5 Qf7 21. Nh4 Na5 22. Re1 Nc4 23. g3 Rad8 24. h6 Ng6 25. hxg7+ Qxg7 26. Nxg6+ Qxg6 27. Bg5 Rd7 28. Bf6+ Kg8 29. Qxg6+ hxg6 30. Kg2 Rh7 31. Rh1 g5 32. g4 Rxh1 33. Rxh1 Nxa3 34. Bxg5 a5 35. Bf6 Kf7 36. Rh7+ Kg6 37. Rg7+ Kh6 38. Kg3 Nxc2 39. Kh4 1-0

[Event "CZE-chT2F 2223"]
[Site "Czech Republic"]
[Date "2022.12.04"]
[Round "4"]
[White "Vraj, Ondrej"]
[Black "Valek, Milan"]
[Result "1-0"]
[WhiteElo "1988"]
[BlackElo "1955"]
[PlyCount "53"]
[EventDate "2022.10.16"]
[EventType "team-tourn"]
[EventRounds "11"]
[EventCountry "CZE"]
[SourceTitle "EXT 2024"]
[Source "ChessBase"]
[SourceDate "2023.10.10"]
[SourceVersion "1"]
[SourceVersionDate "2023.10.10"]
[SourceQuality "1"]
[WhiteTeam "Hostalkova II"]
[BlackTeam "Dobra Sokol"]
[WhiteTeamCountry "CZE"]
[BlackTeamCountry "CZE"]

1. e4 e6 2. Nc3 d5 3. g3 Nf6 4. Bg2 c5 5. d3 Nc6 6. f4 Be7 7. Nf3 dxe4 8. Nxe4 Nxe4 9. dxe4 Qxd1+ 10. Kxd1 0-0 11. c3 b6 12. Kc2 Rd8 13. Be3 Bb7 14. Rad1 Na5 15. Nd2 Ba6 16. Nb3 Nc4 17. Bf2 Bb7 18. Rhg1 Rxd1 19. Rxd1 Rd8 20. Rxd8+ Bxd8 21. Nd2 Nxd2 22. Kxd2 f5 23. Ke3 Kf7 24. Bf3 Be7 25. exf5 Bxf3 26. fxe6+ Kxe6 27. Kxf3 1-0

[Event "CZE-chT2F 2122"]
[Site "Czech Republic"]
[Date "2021.12.05"]
[Round "4.6"]
[White "Cupek, Martin"]
[Black "Valek, Milan"]
[Result "1-0"]
[WhiteElo "2089"]
[BlackElo "1979"]
[PlyCount "95"]
[EventDate "2021.10.17"]
[EventType "team-tourn"]
[EventRounds "11"]
[EventCountry "CZE"]
[SourceTitle "EXT 2024"]
[Source "ChessBase"]
[SourceDate "2023.10.10"]
[SourceVersion "1"]
[SourceVersionDate "2023.10.10"]
[SourceQuality "1"]
[WhiteTeam "Trinec II"]
[BlackTeam "Dobra Sokol"]
[WhiteTeamCountry "CZE"]
[BlackTeamCountry "CZE"]

1. d3 d5 2. Nd2 Nf6 3. e4 e6 4. Qe2 Be7 5. f4 0-0 6. Nh3 c5 7. Nf2 Nc6 8. c3 b5 9. g4 b4 10. g5 bxc3 11. bxc3 Nd7 12. Nf3 Ba6 13. Qc2 Qa5 14. Bd2 c4 15. d4 Rab8 16. a4 Rb3 17. Bg2 Rfb8 18. Nd1 Ra3 19. Rxa3 Bxa3 20. exd5 exd5 21. Ne5 Ndxe5 22. fxe5 Bc8 23. 0-0 Ne7 24. Ne3 g6 25. Bxd5 Nxd5 26. Nxc4 Qc7 27. Nxa3 Bf5 28. Qc1 a6 29. c4 Nb4 30. Nb5 axb5 31. Bxb4 Qa7 32. Bc5 Qxa4 33. cxb5 Qxb5 34. Qf4 Ra8 35. Qf3 Ra2 36. Qd5 Qa5 37. Qb7 Qa8 38. Qxa8+ Rxa8 39. Rc1 Be4 40. Kf2 Bd5 41. Bd6 Be6 42. Ke3 Kg7 43. h4 h5 44. Rb1 Ra2 45. Rb8 Rh2 46. Bf8+ Kh7 47. Be7 f5 48. Bf6 1-0

[Event "CZE-chT2F 1819"]
[Site "Czech Republic"]
[Date "2019.02.10"]
[Round "8.7"]
[White "Valek, Milan"]
[Black "Kocian, Karel"]
[Result "1/2-1/2"]
[WhiteElo "2022"]
[BlackElo "2127"]
[PlyCount "162"]
[EventDate "2018.10.14"]
[EventType "team-tourn"]
[EventRounds "11"]
[EventCountry "CZE"]
[SourceTitle "EXT 2022"]
[Source "ChessBase"]
[SourceDate "2021.10.06"]
[SourceVersion "1"]
[SourceVersionDate "2021.10.06"]
[SourceQuality "1"]
[WhiteTeam "Dobra"]
[BlackTeam "Trinec II"]
[WhiteTeamCountry "CZE"]
[BlackTeamCountry "CZE"]

1. d4 Nf6 2. Nf3 c5 3. g3 g6 4. Bg2 Bg7 5. 0-0 0-0 6. c4 cxd4 7. Nxd4 Nc6 8. Nc3 Qa5 9. Nb3 Qd8 10. c5 b6 11. cxb6 axb6 12. Be3 Ng4 13. Qd2 Nxe3 14. Qxe3 e6 15. Rfd1 d5 16. Rac1 Ne7 17. a3 Nf5 18. Qd2 Qf6 19. e4 Ne7 20. exd5 exd5 21. Nxd5 Nxd5 22. Bxd5 Rb8 23. Nd4 Bg4 24. f3 Rbd8 25. Nc6 Rxd5 26. Qxd5 Bxf3 27. Ne7+ Kh8 28. Rf1 Bxd5 29. Rxf6 Bxf6 30. Nxd5 Bxb2 31. Rc2 Bd4+ 32. Kg2 Rd8 33. Nb4 Bc5 34. Rb2 Rd4 35. Na6 Bxa3 36. Rxb6 Rd2+ 37. Kh1 Rd6 38. Rb8+ Kg7 39. Nc7 Rd1+ 40. Kg2 Rd2+ 41. Kh1 Kf6 42. Rb3 Bc5 43. Rc3 Bd4 44. Rf3+ Ke7 45. Nd5+ Kf8 46. Nf4 Be5 47. Ne6+ Ke7 48. Ng5 f6 49. Ne4 Re2 50. Nc3 Rd2 51. Ne4 Rc2 52. Rf2 Rc1+ 53. Kg2 h5 54. h4 Rc4 55. Re2 Ra4 56. Nd2 Ra3 57. Nf3 Ke6 58. Nd4+ Kd5 59. Nf3 Rb3 60. Kf2 Rb2 61. Rxb2 Bxb2 62. Nd2 Bc3 63. Nf1 Ke4 64. Nh2 Bd4+ 65. Kg2 g5 66. hxg5 fxg5 67. g4 h4 68. Nf3 h3+ 69. Kg3 Be5+ 70. Nxe5 Kxe5 71. Kxh3 Kf4 72. Kh2 Kxg4 73. Kg2 Kh4 74. Kh2 g4 75. Kg2 g3 76. Kg1 Kh3 77. Kh1 Kg4 78. Kg2 Kf4 79. Kg1 Kf3 80. Kf1 g2+ 81. Kg1 Kg3 1/2-1/2

[Event "CZE-chT2F 1718"]
[Site "Czech Republic"]
[Date "2018.03.18"]
[Round "10.7"]
[White "Kozak, Petr"]
[Black "Valek, Milan"]
[Result "1/2-1/2"]
[WhiteElo "2109"]
[BlackElo "2028"]
[PlyCount "72"]
[EventDate "2017.10.15"]
[EventType "team-tourn"]
[EventRounds "11"]
[EventCountry "CZE"]
[SourceTitle "EXT 2022"]
[Source "ChessBase"]
[SourceDate "2021.10.06"]
[SourceVersion "1"]
[SourceVersionDate "2021.10.06"]
[SourceQuality "1"]
[WhiteTeam "Olomouc ASK"]
[BlackTeam "Dobra"]
[WhiteTeamCountry "CZE"]
[BlackTeamCountry "CZE"]

1. Nf3 Nf6 2. g3 g6 3. Bg2 Bg7 4. d3 0-0 5. e4 d6 6. 0-0 e5 7. Nbd2 Nbd7 8. c3 Re8 9. Qc2 a5 10. Re1 b6 11. a4 Bb7 12. d4 d5 13. Nxe5 Nxe5 14. dxe5 Rxe5 15. f4 Re8 16. e5 Qe7 17. Nf3 Ne4 18. Be3 Rad8 19. Rad1 f6 20. exf6 Bxf6 21. Kh1 Qg7 22. Bg1 Qh6 23. Bf2 Nxf2+ 24. Qxf2 Qf8 25. Nd4 Qc5 26. Qf1 Rxe1 27. Qxe1 Qe7 28. Qxe7 Bxe7 29. Ne6 Rd7 30. c4 c6 31. b3 Rd6 32. cxd5 cxd5 33. f5 gxf5 34. Nf4 Bg5 35. Nxd5 Kg7 36. Rd3 Bxd5 1/2-1/2

[Event "CZE-chT2F 1718"]
[Site "Czech Republic"]
[Date "2018.01.14"]
[Round "6.6"]
[White "Valek, Milan"]
[Black "Fojtik, Vlastislav"]
[Result "1/2-1/2"]
[WhiteElo "2028"]
[BlackElo "2037"]
[PlyCount "108"]
[EventDate "2017.10.15"]
[EventType "team-tourn"]
[EventRounds "11"]
[EventCountry "CZE"]
[SourceTitle "EXT 2022"]
[Source "ChessBase"]
[SourceDate "2021.10.06"]
[SourceVersion "1"]
[SourceVersionDate "2021.10.06"]
[SourceQuality "1"]
[WhiteTeam "Dobra"]
[BlackTeam "Vrbno pod Pradedem"]
[WhiteTeamCountry "CZE"]
[BlackTeamCountry "CZE"]

1. d4 c5 2. d5 e5 3. e4 d6 4. c4 g6 5. Nc3 Bg7 6. Nf3 f5 7. Be2 Nf6 8. exf5 gxf5 9. 0-0 0-0 10. Ne1 Rf7 11. f4 Ne8 12. Bh5 Rf8 13. fxe5 dxe5 14. Be3 b6 15. Bxe8 Rxe8 16. d6 Be6 17. Rxf5 Nc6 18. Rh5 Bxc4 19. Qc2 h6 20. Bxh6 Qf6 21. Qf2 Qg6 22. Qg3 Qxg3 23. hxg3 Bxh6 24. Rxh6 Kg7 25. Rh4 Nd4 26. Nf3 Ne2+ 27. Nxe2 Bxe2 28. Re1 Bxf3 29. gxf3 Rad8 30. Rhe4 Kf6 31. f4 Rg8 32. fxe5+ Ke6 33. Kg2 Rg6 34. g4 b5 35. b3 Rc8 36. Rd1 Rg7 37. Kf3 c4 38. bxc4 bxc4 39. Ke3 c3 40. Kd3 c2 41. Rc1 Rf7 42. Re2 Rf3+ 43. Kd2 Rfc3 44. g5 R3c5 45. Re3 Rd5+ 46. Rd3 Kxe5 47. d7 Rxd3+ 48. Kxd3 Rd8 49. Kxc2 Rxd7 50. Rg1 Kf5 51. g6 Rg7 52. Kb3 Rxg6 53. Rxg6 Kxg6 54. Kc4 Kf6 1/2-1/2

[Event "CZE-chT2F 1314"]
[Site "Czech Republic"]
[Date "2014.02.16"]
[Round "8.58"]
[White "Doubek, Tomas"]
[Black "Valek, Milan"]
[Result "1-0"]
[WhiteElo "1932"]
[BlackElo "2056"]
[PlyCount "95"]
[EventDate "2013.11.03"]
[EventType "team-tourn"]
[EventRounds "11"]
[EventCountry "CZE"]
[SourceTitle "EXT 2016"]
[Source "ChessBase"]
[SourceDate "2015.10.08"]
[SourceVersion "1"]
[SourceVersionDate "2015.10.08"]
[SourceQuality "1"]
[WhiteTeam "Prerov II"]
[BlackTeam "Dobra"]
[WhiteTeamCountry "CZE"]
[BlackTeamCountry "CZE"]

1. e4 e6 2. d4 d5 3. exd5 exd5 4. Bd3 Bd6 5. Nc3 c6 6. Nge2 Ne7 7. Bg5 f6 8. Bh4 0-0 9. Qd2 Bf5 10. 0-0-0 Nd7 11. f3 b5 12. Bg3 Nb6 13. Nf4 Re8 14. Rhe1 Qd7 15. b3 a5 16. Re3 a4 17. Rde1 axb3 18. cxb3 Bxd3 19. Nxd3 Nf5 20. Rxe8+ Rxe8 21. Bxd6 Nxd6 22. Nc5 Qf7 23. Rxe8+ Qxe8 24. Qe2 Kf7 25. Kd2 Nd7 26. Qxe8+ Kxe8 27. Ne6 g5 28. Ne2 Ke7 29. Nc5 Nf5 30. Nxd7 Kxd7 31. g3 Kd6 32. Kd3 c5 33. dxc5+ Kxc5 34. a3 h5 35. b4+ Kb6 36. Nd4 Nd6 37. Kc3 Nc4 38. Nc2 Ne5 39. f4 gxf4 40. gxf4 Ng4 41. h4 Nf2 42. Ne3 Kc6 43. Kd4 Ne4 44. Nxd5 Nd6 45. Nxf6 Nf5+ 46. Ke5 Nxh4 47. Nxh5 Ng6+ 48. Kf6 1-0

[Event "CZE-chT2F 1112"]
[Site "Czech Republic"]
[Date "2012.03.04"]
[Round "9.37"]
[White "Valek, Milan"]
[Black "Krupa, Radim"]
[Result "0-1"]
[WhiteElo "2087"]
[BlackElo "1996"]
[PlyCount "92"]
[EventDate "2011.10.09"]
[EventType "team-tourn"]
[EventRounds "11"]
[EventCountry "CZE"]
[SourceTitle "EXT 2013"]
[Source "ChessBase"]
[SourceDate "2012.11.22"]
[SourceVersion "1"]
[SourceVersionDate "2012.11.22"]
[SourceQuality "1"]
[WhiteTeam "Dobra"]
[BlackTeam "Dolni Benesov"]
[WhiteTeamCountry "CZE"]
[BlackTeamCountry "CZE"]

1. d4 f5 2. e4 fxe4 3. Nc3 Nf6 4. Bg5 Nc6 5. d5 Ne5 6. Bxf6 exf6 7. Nxe4 f5 8. Nd2 g6 9. Qe2 Qe7 10. 0-0-0 Ng4 11. Re1 Qxe2 12. Rxe2+ Kf7 13. Nh3 h6 14. g3 b6 15. Bg2 Ba6 16. c4 Bd6 17. f3 Ne5 18. b3 Rae8 19. Bf1 Nd3+ 20. Kb1 Ne5 21. Kc2 Bb4 22. Bg2 Ng4 23. Rxe8 Rxe8 24. fxg4 Re2 25. Rd1 Rxg2 26. gxf5 gxf5 27. Nf4 Rxh2 28. Kd3 Rf2 29. Ne2 b5 30. Rf1 bxc4+ 31. bxc4 Rxf1 32. Nxf1 Bd6 33. Nd2 Kf6 34. Nf3 c6 35. dxc6 dxc6 36. Nfd4 Bb7 37. Ke3 c5 38. Nb3 Kg5 39. Nf4 Kg4 40. Ne6 Kxg3 41. Nbxc5 f4+ 42. Ke2 f3+ 43. Kf1 Bxc5 44. Nxc5 Bc6 45. Nd3 h5 46. Ne5 Bb7 0-1

[Event "CZE-chT2F 1112"]
[Site "Czech Republic"]
[Date "2012.01.08"]
[Round "5.57"]
[White "Valek, Milan"]
[Black "Rosinsky, Pavel"]
[Result "1/2-1/2"]
[WhiteElo "2087"]
[BlackElo "2067"]
[PlyCount "81"]
[EventDate "2011.10.09"]
[EventType "team-tourn"]
[EventRounds "11"]
[EventCountry "CZE"]
[SourceTitle "EXT 2013"]
[Source "ChessBase"]
[SourceDate "2012.11.22"]
[SourceVersion "1"]
[SourceVersionDate "2012.11.22"]
[SourceQuality "1"]
[WhiteTeam "Dobra"]
[BlackTeam "Koprivnice Tatra"]
[WhiteTeamCountry "CZE"]
[BlackTeamCountry "CZE"]

1. d4 Nf6 2. c4 e6 3. Nc3 d5 4. Nf3 c6 5. e3 Nbd7 6. Bd3 dxc4 7. Bxc4 Bb4 8. 0-0 0-0 9. Bd3 Qa5 10. Bd2 Re8 11. a3 Bf8 12. e4 e5 13. d5 Qc7 14. Rc1 Nc5 15. Bb1 Bg4 16. Bg5 a5 17. h3 Bh5 18. g4 Bg6 19. Re1 Rad8 20. Nh4 Ne6 21. Be3 Nc5 22. Nf5 Bxf5 23. gxf5 Qb8 24. b4 axb4 25. axb4 Ncd7 26. b5 cxd5 27. exd5 Bc5 28. Qe2 Bd4 29. Red1 Nb6 30. Ba2 Qd6 31. Qd2 Bxc3 32. Qxc3 Nbxd5 33. Qb3 Qb8 34. Bg5 Rf8 35. Qb2 h6 36. Bh4 Nf4 37. Bxf6 gxf6 38. Kh2 Rxd1 39. Rxd1 Qc8 40. Bb1 Qc5 41. Be4 1/2-1/2

[Event "CZE-chT2F 1112"]
[Site "Czech Republic"]
[Date "2011.11.20"]
[Round "3.66"]
[White "Macicek, Jakub"]
[Black "Valek, Milan"]
[Result "1-0"]
[WhiteElo "2159"]
[BlackElo "2087"]
[PlyCount "47"]
[EventDate "2011.10.09"]
[EventType "team-tourn"]
[EventRounds "11"]
[EventCountry "CZE"]
[SourceTitle "EXT 2013"]
[Source "ChessBase"]
[SourceDate "2012.11.22"]
[SourceVersion "1"]
[SourceVersionDate "2012.11.22"]
[SourceQuality "1"]
[WhiteTeam "Frydek Mistek II"]
[BlackTeam "Dobra"]
[WhiteTeamCountry "CZE"]
[BlackTeamCountry "CZE"]

1. e4 e6 2. d3 d5 3. Nd2 c5 4. g3 Nc6 5. Bg2 Nf6 6. Ngf3 Be7 7. 0-0 0-0 8. Re1 b5 9. e5 Nd7 10. Nf1 a5 11. h4 a4 12. N1h2 b4 13. Bf4 Re8 14. Ng4 Nf8 15. h5 Ba6 16. Qd2 c4 17. dxc4 dxc4 18. Qe3 Qa5 19. Ng5 Rac8 20. Be4 Qc5 21. Qc1 c3 22. b3 Red8 23. Nf3 Qa5 24. Bg5 1-0

[Event "CZE-chT2F 1011"]
[Site "Czech Republic"]
[Date "2011.04.10"]
[Round "11.7"]
[White "Axman, Oldrich"]
[Black "Valek, Milan"]
[Result "1-0"]
[WhiteElo "1873"]
[BlackElo "2091"]
[PlyCount "161"]
[EventDate "2010.10.17"]
[EventType "team-tourn"]
[EventRounds "11"]
[EventCountry "CZE"]
[SourceTitle "EXT 2012"]
[Source "ChessBase"]
[SourceDate "2011.11.24"]
[SourceVersion "1"]
[SourceVersionDate "2011.11.24"]
[SourceQuality "1"]
[WhiteTeam "Unicov"]
[BlackTeam "Dobra"]
[WhiteTeamCountry "CZE"]
[BlackTeamCountry "CZE"]

1. e4 e6 2. d4 d5 3. Nd2 Nf6 4. exd5 exd5 5. g3 Bd6 6. Bg2 0-0 7. Ne2 Re8 8. 0-0 c6 9. Nc3 Nbd7 10. Re1 Nf8 11. Rxe8 Qxe8 12. Qe2 Bf5 13. Qd1 Qe6 14. Nf1 Re8 15. Bg5 h6 16. Bxf6 Qxf6 17. Ne3 Bh7 18. Qd2 Ne6 19. Rd1 Qg6 20. Ne2 Ng5 21. Nc3 f5 22. f4 Bxf4 23. Re1 Bxe3+ 24. Rxe3 Rxe3 25. Qxe3 Qe6 26. Qxe6+ Nxe6 27. Ne2 g5 28. c3 Kf7 29. Kf2 Kf6 30. Ke3 Bg6 31. Bf3 Ng7 32. Nc1 Ne6 33. Ne2 Nc7 34. Nc1 Ne8 35. Nd3 Nd6 36. Ne5 f4+ 37. gxf4 Nf5+ 38. Kf2 gxf4 39. Bg4 Ne3 40. Bc8 Be4 41. Bxb7 Nd1+ 42. Ke1 Nxb2 43. Bxc6 Kf5 44. Ke2 a5 45. h4 f3+ 46. Nxf3 Bxf3+ 47. Kxf3 Nd1 48. Bxd5 Nxc3 49. Bc4 a4 50. Ke3 a3 51. Kd3 Na4 52. Bb3 Nb6 53. Bd1 Kf4 54. Kc3 Nd5+ 55. Kb3 Ne3 56. Bh5 Ke4 57. Kxa3 Kxd4 58. Kb3 Nf5 59. Kb4 Kd5 60. Bf3+ Kd6 61. h5 Nd4 62. Bd1 Kd5 63. Bb3+ Kd6 64. Bf7 Nc6+ 65. Kc3 Kc5 66. Be8 Nb4 67. a3 Nd5+ 68. Kd3 Nc7 69. Bf7 Nb5 70. a4 Nd6 71. Be6 Kb4 72. Bd7 Kc5 73. Ke3 Nf7 74. Kf4 Kd6 75. Bg4 Ke7 76. Kf5 Nd6+ 77. Kg6 Nb7 78. Kxh6 Kf6 79. Bf3 Nd6 80. Kh7 Nf7 81. Kg8 1-0

[Event "CZE-chT2F 1011"]
[Site "Czech Republic"]
[Date "2011.01.23"]
[Round "6.8"]
[White "Vicenec, Roman"]
[Black "Valek, Milan"]
[Result "1/2-1/2"]
[WhiteElo "2041"]
[BlackElo "2091"]
[PlyCount "59"]
[EventDate "2010.10.17"]
[EventType "team-tourn"]
[EventRounds "11"]
[EventCountry "CZE"]
[SourceTitle "EXT 2012"]
[Source "ChessBase"]
[SourceDate "2011.11.24"]
[SourceVersion "1"]
[SourceVersionDate "2011.11.24"]
[SourceQuality "1"]
[WhiteTeam "Sumperk"]
[BlackTeam "Dobra"]
[WhiteTeamCountry "CZE"]
[BlackTeamCountry "CZE"]

1. e4 e6 2. d4 d5 3. Nc3 Nf6 4. e5 Nfd7 5. f4 c5 6. Nf3 Nc6 7. Be3 Qb6 8. a3 cxd4 9. Nxd4 Bc5 10. Na4 Qa5+ 11. c3 Bxd4 12. Bxd4 Nxd4 13. Qxd4 0-0 14. Bd3 b6 15. 0-0 Ba6 16. Bxa6 Qxa6 17. b3 Rac8 18. Rf3 b5 19. Nb2 Nc5 20. c4 dxc4 21. bxc4 Rfd8 22. cxb5 Qxb5 23. Qb4 Rb8 24. Qxb5 Rxb5 25. Rf2 Ne4 26. Rc2 g6 27. Re1 Nc3 28. Nc4 Nd5 29. g3 Rc8 30. Rec1 1/2-1/2

[Event "CZE-chT2f 0607"]
[Site "Czech Republic"]
[Date "2007.04.15"]
[Round "11.8"]
[White "Vitasek, Jan"]
[Black "Valek, Milan"]
[Result "1-0"]
[WhiteElo "2157"]
[BlackElo "2117"]
[PlyCount "57"]
[EventDate "2006.10.14"]
[EventType "team"]
[EventRounds "11"]
[EventCountry "CZE"]
[SourceTitle "EXT 2009"]
[Source "ChessBase"]
[SourceDate "2008.11.26"]
[SourceVersion "1"]
[SourceVersionDate "2008.11.26"]
[SourceQuality "1"]

1. e4 e6 2. f4 d5 3. e5 c5 4. Nf3 Nc6 5. c3 Bd7 6. d3 Qb6 7. Be2 Be7 8. 0-0 Nh6 9. Qe1 0-0-0 10. a3 Na5 11. Nbd2 c4+ 12. d4 Nf5 13. Bd1 h5 14. b4 cxb3 15. Rb1 Ba4 16. Ng5 Rdf8 17. Kh1 h4 18. Rf2 Qc7 19. Nxb3 Bxg5 20. fxg5 Ng3+ 21. Kg1 Ne4 22. Nxa5 Bxd1 23. Nxb7 Nxf2 24. Nd6+ Kd8 25. Qxf2 f6 26. gxf6 gxf6 27. Qe1 Bh5 28. c4 dxc4 29. Rb7 1-0

[Event "Brno Petria-A"]
[Site "Brno"]
[Date "2005.??.??"]
[Round "3"]
[White "Valek, Milan"]
[Black "Janda, Lubos"]
[Result "1-0"]
[WhiteElo "2117"]
[BlackElo "1700"]
[PlyCount "33"]
[EventDate "2005.??.??"]
[EventType "tourn"]
[EventRounds "9"]
[EventCountry "CZE"]
[SourceTitle "EXT 2007"]
[Source "ChessBase"]
[SourceDate "2006.11.23"]
[SourceVersion "1"]
[SourceVersionDate "2006.11.23"]
[SourceQuality "1"]

1. c4 d5 2. cxd5 g6 3. Nc3 Bg7 4. e4 Nf6 5. Nf3 0-0 6. h3 Nbd7 7. d4 Nb6 8. b3 Ne8 9. Bb2 f5 10. e5 Kh8 11. Bc4 h6 12. Qd3 Nxc4 13. bxc4 e6 14. 0-0 b6 15. Rab1 exd5 16. Nxd5 Be6 17. Nf4 1-0